| 000 | 03890nab a2200349 i 4500 | ||
|---|---|---|---|
| 003 | BR-BrBNA | ||
| 005 | 20250820120020.0 | ||
| 008 | 250820b2015 bl.qr|pooa||| 00| 0 por | | ||
| 040 |
_aBR-BrBNA _bpor |
||
| 072 | _aP01 | ||
| 072 | _aU40 | ||
| 100 | _aPereira, Bruno Wendell de Freitas | ||
| 100 | _aMaciel, Maria de Nazaré Martins | ||
| 100 | _aOliveira, Francisco de Assis | ||
| 100 | _aSilva, Hugo Amancio Sales | ||
| 100 | _aBraga, Thais Gleice Martins | ||
| 100 | _aFigueiredo, Deivisson Bacha | ||
| 245 | _aEstrutura da paisagem da bacia hidrográfica do rio Peixe-Boi com base na fragmentação da vegetação | ||
| 500 | _a Publicação online; 25 ref.; 3 illus.; Summaries (En, Pt) | ||
| 520 | _a RESUMO: A relevância ambiental das bacias hidrográficas no contexto da manutenção e conservação da biodiversidade tem se tornado cada vez mais notória. A compreensão dos processos antrópicos nas áreas das bacias serve como subsídio para implementação de políticas públicas mitigatórias aos danos ambientais. O objetivo foi realizar, a partir de técnicas e produtos de sensoriamento remoto e geoprocessamento, a análise da estrutura da paisagem da bacia hidrográfica do rio Peixe-Boi, nordeste do estado do Pará, Brasil. Para tanto, será descrita a configuração de seus elementos através de diferentes métricas de paisagem visando à vegetação arbórea. Os resultados indicaram que a paisagem da bacia de estudo é fortemente marcada pela atividade pecuária, pois 36% de suas terras são destinados a este uso produtivo. A vegetação arbórea encontra-se bastante fragmentada, com grande parte desses fragmentos acompanhando os canais fluviais. Verificou-se também que a paisagem da bacia hidrográfica do rio Peixe-Boi está muito comprometida em sua integridade ecológica, pois 79,24% da área de vegetação arbórea é constituída de ambiente de borda, fator que afeta fortemente a qualidade dos ecossistemas existentes. PALAVRAS-CHAVE: Ecologia de paisagem, Bacia hidrográfica, Fragmentação de ecossistemas | ||
| 520 | _a ABSTRACT: The watersheds environmental importance for the maintenance and conservation of biodiversity has become more evident. The comprehension of watersheds areas anthropic processes are a subsidy for implementation of mitigation policies to environmental damage. The aim was to analyze the Peixe-Boi river watershed landscape structure, at Northeast Pará, Brazil, using remote sensing techniques and products and geoprocessing. To do so, a configuration of its elements will be described by differentlandscapes metrics aiming the arboreal vegetation. The results indicated that the landscape of the study basin is strongly marked by the livestock, since 36% of its land is assigned for productive uses. The arboreal vegetation is highly fragmented, with most of these fragments following the rivers. It was also found that the Peixe-Boi river watershed landscape is threatened concerning its ecological integrity as 79.24% of the area covered by arboreal vegetation consists of border environment, a factor that strongly affects the quality of existing ecosystems. KEYWORDS: Landscape ecology, Watershed, Fragmentation of ecosystems | ||
| 650 | _aBACIA HIDROGRÁFICA | ||
| 650 | _aPAISAGEM | ||
| 650 | _aUSO DA TERRA | ||
| 650 | _aPROTEÇÃO AMBIENTAL | ||
| 650 | _aSENSORIAMENTO REMOTO | ||
| 650 | _aPARÁ | ||
| 773 | 0 |
_03551 _9345985 _dBelém-PA Faculdade de Ciências Agrárias do Pará 1999 _o2024-6634 _tRevista de Ciências Agrárias (Brazil) _x1517-591X Impresso/Versão online ISSN 2177-8760 _gv. 58(2) p. 159-167; (2015) _wBR2025002706 |
|
| 856 | _uhttps://ajaes.ufra.edu.br/index.php/ajaes/article/view/1798/637 | ||
| 942 | _cANA | ||
| 999 |
_c337698 _d337698 |
||